| 000 | 00000nam 2200000za 4500 |
| 001 | 9.699501 |
| 003 | CaOODSP |
| 005 | 20210625000417 |
| 007 | cr ||||||||||| |
| 008 | 150407s1945 onc|||||o f|0| 0 eng d |
| 040 | |aCaOODSP|beng |
| 043 | |an-cn--- |
| 086 | 1 |aCP32-94/1945E-PDF |
| 086 | 1 |aZ1-1945/2E-PDF |
| 110 | 1 |aCanada.|bPrivy Council. |
| 245 | 10|aReport on the Halifax disorders, May 7th-8th, 1945 |h[electronic resource] / |cby Hon. Mr. Justice R.L. Kellock, Royal Commissioner. |
| 260 | |a[Ottawa : |bPrivy Council], |c1945. |
| 300 | |a60 p. |
| 500 | |a"Pursuant to Order in Council P.C. 3422 1/2 of May 10, 1945"--Cover. |
| 590 | |a15-02-Supp|b2015-02-16 |
| 690 | 07|aCommissions of inquiry|2gcpds |
| 690 | 07|aMilitary personnel|2gcpds |
| 690 | 07|aVandalism|2gcpds |
| 856 | 40|ahttp://publications.gc.ca|qPDF|s3.95 MB|uhttps://publications.gc.ca/collections/collection_2014/priv/CP32-94-1945-eng.pdf |